000 00270nam a2200109Ia 4500
001 1268566
005 20260417145252.0
008 260417s9999 xx 000 0 und d
020 _a9786256792104
245 0 _aKedi Müezza
_cBüşra Şen Altun
260 _bKetebe Çocuk
999 _c1268566
_d1268566